| 000 | 00671nam a2200229Ia 4500 | ||
|---|---|---|---|
| 005 | 20230117113547.0 | ||
| 008 | 131103s9999 xx 000 0 und d | ||
| 020 | _cRs 200 | ||
| 040 | _aLoreto College | ||
| 041 | _aEnglish | ||
| 082 |
_a954 _bAGR |
||
| 245 |
_aEssays in Indian Protohistory _cEdited by D.P.Agrawal and Dilip K. Chakrabarti |
||
| 260 |
_aDelhi _bB.R.Publishing Corporation _c1979 |
||
| 300 |
_axiii,392p _b Figs,photos,tables,maps |
||
| 440 | _aHistory and Archaeology Series | ||
| 504 | _aIncludes bibliographical ref | ||
| 650 | _aHistory - | ||
| 651 | _aIndian Protohistory - | ||
| 700 | _aAgrawal,D.P,ed. | ||
| 850 | _aLCLIB | ||
| 942 | _cBK | ||
| 999 |
_c387 _d50866 |
||